000 00668nam a22002177a 4500
003 OSt
005 20191018110457.0
008 131028b xxu||||| |||| 00| 0 eng d
020 _a84-200-1063-4
040 _cCRI
082 _a613.2
100 1 _940050
_aGibney, Michael J.
245 1 0 _aNutrición y metabolismo
_cEditores: Michal J. Gibney, lan A. Macdonald, Helen M. Roche
260 _aEspaña
_bAcribia
_c2003
300 _aXIX, 433 p.
_bil.
_c27 cm
595 _aTraducción de: Perspectives in nutrition, 6th ed.
650 2 4 _92745
_aNutrición
700 1 _940051
_aMacdonald, lan A
700 1 _940052
_aRoche, Helen M.
942 _2ddc
_cBK
_hprozim
999 _c26130
_d26130